Forecasting occupational structure in a developing economy: a case study of India (Record no. 14252)

MARC details
000 -LEADER
fixed length control field 00572nam a2200181Ia 4500
082 ## - DEWEY DECIMAL CLASSIFICATION NUMBER
Classification number 331.7 MON-;
100 ## - MAIN ENTRY--AUTHOR NAME
Personal name Moneer Alam
245 #0 - TITLE STATEMENT
Title Forecasting occupational structure in a developing economy: a case study of India
260 ## - PUBLICATION, DISTRIBUTION, ETC. (IMPRINT)
Place of publication New Delhi
Name of publisher Concept Publishing
Year of publication 1985
300 ## - PHYSICAL DESCRIPTION
Number of Pages 242p.
504 ## - BIBLIOGRAPHY, ETC. NOTE
Bibliography, etc Includes bibliography, index
650 ## - SUBJECT ADDED ENTRY--TOPICAL TERM
Topical Term Occupational training - Statistical methods - India
650 ## - SUBJECT ADDED ENTRY--TOPICAL TERM
Topical Term Manpower planning - India
650 ## - SUBJECT ADDED ENTRY--TOPICAL TERM
Topical Term Occupations - India
650 ## - SUBJECT ADDED ENTRY--TOPICAL TERM
Topical Term India - Economic policy
650 ## - SUBJECT ADDED ENTRY--TOPICAL TERM
Topical Term Economics - India
942 ## - ADDED ENTRY ELEMENTS (KOHA)
Koha item type Books
Source of classification or shelving scheme Dewey Decimal Classification
Holdings
Withdrawn status Lost status Damaged status Not for loan Home library Current library Date acquired Bill Date Full call number Accession Number Price effective from Koha item type
        NASSDOC Library NASSDOC Library 08/06/2004 2004-10-22 331.7 MON-; 20186 18/04/2019 Books
        NASSDOC Library NASSDOC Library 08/06/2004 2004-10-22 331.7 MON-; 25685 18/04/2019 Books